World Capitals: flying South from Wellington - Statistics

General Stats
  • This quiz has been taken 47 times
  • The average score is 8 of 19
Answer Stats
FB D CAPITAL CITY % Correct
183º 9,370 Santiago
93%
189º 12,316 Brasilia
73%
177º 10,917 Sucre
55%
186º 10,873 Asuncion
53%
177º 11,414 Antananarivo
43%
183º 10,636 Port Louis
40%
175º 13,306 Dodoma
38%
189º 14,418 Addis Ababa
35%
176º 14,095 Kampala
35%
172º 14,043 Kigali
35%
178º 12,327 Moroni
35%
179º 13,676 Nairobi
35%
170º 13,950 Bujumbura
33%
178º 14,568 Juba
33%
189º 15,407 Khartoum
33%
189º 13,355 Mogadishu
33%
180º 19,854 Madrid
20%
184º 19,142 Algiers
18%
182º 19,575 Lisbon
18%
No matching quizzes found
Score Distribution
Percent of People with Each Score
Percentile by Number Answered
Your Score History
You have not taken this quiz